Регионална библиотека "Любен Каравелов" - Русе

Моят приятел Елин Пелин (Запис номер 160601)

MARC детайли
000 -Лидер
Контролно поле с фиксирана дължина 02765nam a2200481 c 4500
003 - Код на организацията, давaща контролен номер
Контролно поле BLK
005 - Дата и час на последна редакция
Контролно поле 20240604005359.0
008 - Елементи от данни с фиксирана дължина
fixed length control field 180410b bul|||||r ||||||| ||bul||
010 ## - Наследен системен номер
LC control number KNG00167882000
020 ## - Международен стандартен номер на книга ISBN
Международен стандартен номер на книга ISBN 978-954-2950-13-4
-- издат.: Арс Милениум МММ фонд.
040 ## - Източник на каталожния запис
Идентификатор на билиотеката - собственик на записа BLK
041 ## - Код за език
Код за езика на текст/звукозапис или на отделно заглавие Български
Код за езика КДБФ Български
072 #7 - Код за тематичната категория
Код организация bullib
Код за тематична категория Н82
Текст Литературознание Н
072 #7 - Код за тематичната категория
Код организация bullib
Код за тематична категория РА
Текст Русенски автори
080 ## - УДК
Текстов определител УДК Българска литература
УДК код - определител по УДК 821.163.2
УДК определител (092)(0:82-9)
УДК - код + определител 821.163.2(092)(0:82-9)
080 ## - УДК
Текстов определител УДК Българска литература
УДК код - определител по УДК 821.163.2
УДК определител -94
УДК - код + определител 821.163.2-94
080 ## - УДК
Текстов определител УДК Български писател
УДК код - определител по УДК 929 Елин Пелин
УДК определител
УДК - код + определител 929 Елин Пелин
100 1# - Редна дума - Автор
Автор Змей Горянин
Пълна форма на името Димитров, Светлозар Акендиев
Дати, свързани с автора 1905-1958
Автор - информация (биография) Писател. Автор на учебни помагала. Преводач от църковнославянски език.
Авторска отговорност първи автор
R(LIN) 70146
139 ## - Редно поле
Редна дума Змей Горянин
Авторски знак Елин Пелин - Е 53
245 10 - Сведения за заглавието
Заглавие Моят приятел Елин Пелин
Редно поле (дума) Змей Горянин; * Светлозар Акендиев Димитров; състав., предг. и комент. Румяна Мирчева Пашалийска; * Соня Димитрова.
257 ## - Страна на издаване
Страна на създаване/издаване България
260 ## - Област на издателските данни
-- София
Име на издателя, разпространителя и проч. Арс Милениум МММ фонд.
Година на издаване 2013
Печатница София : Симолини-94
300 ## - Физическа характеристика
Страници 184 с.
Илюстрации и др. с ил., портр., факс.
Размери/Мащаб 20 см
380 ## - Жанр
Жанр Худож. лит.
500 ## - Общи забележки
Забележка Змей Горянин - псевд. на Светлозар Акендиев Димитров. - Змей Горянин за творчеството на Елин Пелин: с. 161-163 ; Приятелите : Елин Пелин / Соня Димитрова: с.164-183 ; Елин Пелин до Соня Димитрова: с 182-183.
600 #0 - Име на лице, използвано като предмет
За него / За нея Елин Пелин
Пълна форма на името Стоянов, Димитър Иванов
9 (RLIN) 363511
650 #4 - Допълнително описание по предмет – тема
Основно описание – тема или топоним Елин Пелин
9 (RLIN) 248019
650 #4 - Допълнително описание по предмет – тема
Основно описание – тема или топоним Писатели, български - спомени
9 (RLIN) 243093
651 #4 - Допълнително описание по предмет - топоним
Географско понятие България
9 (RLIN) 241624
653 ## - Ключова дума – ненормативна
Ключова дума Елин Пелин
653 ## - Ключова дума – ненормативна
Ключова дума български писатели
653 ## - Ключова дума – ненормативна
Ключова дума спомени
659 ## - Тематичен бюлетин
Тематичен бюлетин Н
700 1# - Други автори (авторска отговорност)
Лично име Димитров, Светлозар Акендиев
Автороска отговорност (Описва отношението между автора и произведението) *
9 (RLIN) 381512
700 1# - Други автори (авторска отговорност)
Лично име Пашалийска, Румяна Мирчева
Автороска отговорност (Описва отношението между автора и произведението) състав., предг. и комент.
9 (RLIN) 334916
700 1# - Други автори (авторска отговорност)
Лично име Димитрова, Соня
Автороска отговорност (Описва отношението между автора и произведението) *
9 (RLIN) 334917
852 ## - Местоположение
Форматна сигнатура Цб 271608
856 4# - Електронен адрес и достъп
Електронен формат pdf - файл
Път до файла /url/
856 4# - Електронен адрес и достъп
Електронен формат pdf - файл
Път до файла /url/
942 ## - АРТИКУЛИ
Вид на библиотечния материал Книги
Скрит в OPAC Не
Koha issues (borrowed), all copies 4
944 ## - СЪЗДАВАНЕ И РЕДАКЦИЯ на ЗАПИСА
Създаване/Редакция Създаване
Дата на регистрацията/редакция 27.11.2014
Статус, дата на статуса CRON CRON
Служител, извършил регистрацията/редакцията
944 ## - СЪЗДАВАНЕ И РЕДАКЦИЯ на ЗАПИСА
Създаване/Редакция Редакция
Дата на регистрацията/редакция 26.08.2015
Статус, дата на статуса ф /
Служител, извършил регистрацията/редакцията Людмила_Стоянова
999 ## - СИСТЕМНИ КОНТРОЛНИ НОМЕРА
Koha biblionumber 160601
Koha biblioitemnumber 160601
Наличности
Код за отписване Код за изгубен артикул Източник на класификационната схема Код за повреда Коз за рестрикции Код за отдаване Артикулен № Име на библиотеката - собственик Име на библиотеката, в която се намира в момента Статус (Текущо местоположение) Дата на вписване в системата Местоположение - отдел Цена в лева Инвентарен номер Систематично азбучна сигнатура Баркод Номер на екземпляра Цена в евро Служебна бележка Служебен тип на артикула
  Не е изгубен Universal Decimal Classification Не е повреден без рестрикции заемане за дома 268503 Регионална библиотека "Любен Каравелов" Русе Регионална библиотека "Любен Каравелов" Русе Заемна - подръчен фонд 2014-11-29 Заемна - подръчен фонд 12.00 120000783225 П 821.163.2.09(092)/Е 53 120000783225 1 6.14 Дост: Pk Вид: Ф N: 418 Дата: 22.11.2014 Дата инв: 07.02.2018 Бележки инв: П2018 Книги
  Не е изгубен Universal Decimal Classification Не е повреден без рестрикции заемане за дома 268504 Регионална библиотека "Любен Каравелов" Русе Регионална библиотека "Любен Каравелов" Русе Заемна - подръчен фонд 2014-11-29 Заемна - подръчен фонд 12.00 120000783226 П 821.163.2.09(092)/Е 53 120000783226 2 6.14 Дост: Pk Вид: Ф N: 418 Дата: 22.11.2014 Дата инв: 07.02.2018 Бележки инв: П2018 Книги
  Не е изгубен Universal Decimal Classification Не е повреден без рестрикции ползва се в читалня 268505 Регионална библиотека "Любен Каравелов" Русе Регионална библиотека "Любен Каравелов" Русе Краезнание 2014-11-29 Краезнание 12.00 120000783227 К 821.163.2 (092)/Е 53 120000783227 3 6.14 Дост: Pk Вид: Ф N: 418 Дата: 22.11.2014 Дата инв: 07.11.2017 Бележки инв: К2017 Книги
  Не е изгубен   Не е повреден без рестрикции ползва се в читалня 268506 Регионална библиотека "Любен Каравелов" Русе Регионална библиотека "Любен Каравелов" Русе Хранилище 2015-08-25 Основен фонд - ползва се само за читалня 12.00 120000791352 Цб 271608 120000791352 4 6.14 Дост: DA Вид: А N: 16 Дата: 25.08.2015 Книги
Vip Innovations Ltd, Rousse, Bulgaria 2025